000 00570nam a2200181Ia 4500
003 GCL
008 140319s9999 xx 000 0 ara d
040 _aGCL /
_cGCL
082 0 4 _a611.4
_bم ع
100 1 _aمدحت حسين خليل محمد
245 1 0 _aعلم الغدد الصماء /
_cمدحت حسين خليل محمد
260 _aالامارات :
_bمكتبة المدينة ،
_c1997
300 _a412 ص ؛
_c24 سم
650 0 4 _aالهرمونات
650 0 4 _aالغدة النخامية
650 0 4 _aالغدد الصماء
942 _2ddc
_cBK
999 _c5157
_d5157